000 01266cam a22003734i 4500
003 PE-LiUPU
005 20250731173209.0
008 150625s r 000 0 d
035 _a(Sirsi) a31851
040 _aPE-LiUPU
_bspa
_cPE-LiUPU
_erda
082 0 4 _a222.1
_bE49
_221
245 1 0 _aStudies In The Pentateuch /
_ceditado por J. A. Emerton.
264 1 _aNetherlands :
_bE.J. Brill,
_c1990.
300 _a253 páginas ;
_c24 centímetros.
336 _atext
_2rdacontent
337 _aunmediated
_2rdamedia
338 _avolume
_2rdacarrier
505 0 _aSpliting the Adam: the usage of adam in Genesis i-v. -The toledot of Adam. -The isles of the nations: Genesis x and Babylonian geography. -The site of salem, the city of Melchizedek. -Some problems in Genesis. -Abraham's righteousness. -The Hagar traditions in Genesis xvi and xxi. -The Elohistic depiction.
526 _aSEG42
526 _aSEG41
526 _aSEG40
526 _aSEG39
526 _aP94
526 _aP87
526 _aP86
526 _aP85
526 _aP77
526 _aP76
526 _aP35
630 1 4 _aBiblia.
_pPentateuco
_xIntroducciones.
_94376
942 _2ddc
_cBK
999 _c39445
_d39445
980 _81
_gALBERTO SANCHEZ Responsable de Automatización